000 00436nam a2200181Ia 4500
005 20240823010729.0
008 240823s9999||||xx |||||||||||||| ||und||
041 _aENGLISH
082 _A621.3815 P0
100 _a"Bell,David A"
245 0 _aElectronics devices and circuits
250 _a3rd
260 _c2000
_b"PHI,New Delhi"
500 _aTRANSFERED
650 _aElectronics
_bElectronics
942 _cBK
999 _c159484
_d159484